000 00456nam a2200169Ia 4500
008 230524s9999 xx 000 0 und d
082 _a660.6092
_bMEH
100 _aPuneet Mehrotra
_923450
245 4 _aThe New Hand Book of Bioinformatics
250 _a1ST
260 _aNEW DELHI
_bVikas
_c2005
300 _aVI;356
500 _aQuantity Number: 1
650 _aBiomedical
700 _a" Kumud Sarin , Swapna K.Srivastava,,,"
_923451
942 _cBK
999 _c35027
_d35027